00387 2200169 4500001002100000005001500021008004100036035002500077041000800102082001000110090001000120100001200130245001800142260002400160300002300184650001000207INLIS00000000001271520130516000937 ind  a0010-051300000012715 aind a796.8 a796.8 aKusnun, aPentjak Silat bSumur bandungc1963 a117 hlm. ;22.5 cm. asilat